Awakening from the dream of a global civil society: the NAFTA experience /
Sábháilte in:
| Príomhchruthaitheoir: | |
|---|---|
| Formáid: | Téacs |
| Ábhair: | |
| Clibeanna: |
Cuir clib leis
Níl clibeanna ann, Bí ar an gcéad duine le clib a chur leis an taifead seo!
|
MARC
| LEADER | 00000 a a2200000 04500 | ||
|---|---|---|---|
| 001 | 4475 | ||
| 003 | |||
| 040 | |||
| 100 | |a Hogenboom, Barbara | ||
| 245 | |a Awakening from the dream of a global civil society: |b the NAFTA experience / |c Barbara Hogenboom | ||
| 650 | |a MEDIO AMBIENTE | ||
| 650 | |a ORGANIZACIONES NO GUBERNAMENTALES | ||
| 650 | |a NAFTA | ||
| 650 | |a ACUERDOS ECONOMICOS | ||
| 650 | |a GLOBALIZACION | ||
| 650 | |a AMERICA DEL NORTE | ||
| 650 | |a MEXICO | ||
| 773 | |g número 13; páginas 9-38 | ||
| 999 | |c 39146 |d 39146 | ||
| 773 | 0 | |0 19222 |9 10504 |a Centro de Estudios Latinoamericanos y Documentación |d Amsterdam, Países Bajos: Centro de Estudios Latinoamericanos y Documentación |o 00896 |t Cuadernos del Cedla / | |
